[Event "Pupilles"]
[Site "?"]
[Date "2007.04.09"]
[Round "2"]
[White "BUREL, Iwan"]
[Black "BOUET, Arnaud"]
[Result "0-1"]
[WhiteElo "1650"]
[BlackElo "1480"]
[Annotator "Michko,Ligue"]
[PlyCount "54"]
[EventDate "2007.04.08"]
[SourceDate "2007.04.08"]

1. e4 e6 2. d4 d5 3. exd5 exd5 4. Bd3 c5 5. c3 Nc6 6. Ne2 Nf6 7. Bf4 Bg4 8. f3
Be6 9. O-O Qb6 10. Na3 cxd4 (10... c4 11. Bc2 Qxb2 12. Qc1 Bxa3) 11. Nb5 dxc3+
12. Kh1 Rc8 13. Nbxc3 Be7 14. Na4 Qd8 15. Bb5 O-O 16. Rc1 Bd6 17. Bxd6 Qxd6 18.
Nc5 Qc7 $6 19. Nxe6 (19. Bxc6 bxc6 20. Nd4) 19... fxe6 20. Nd4 Qd6 21. Re1 Nxd4
22. Qxd4 Rxc1 23. Rxc1 a6 24. Ba4 e5 25. Qd3 e4 26. fxe4 Nxe4 27. Bb3 Nf2+ 0-1

[Event "Junior  filles"]
[Site "?"]
[Date "2007.04.09"]
[Round "2"]
[White "BOLON, Karelle"]
[Black "BERMOND, Stéphanie"]
[Result "1-0"]
[WhiteElo "2102"]
[BlackElo "1885"]
[Annotator "Michko,Ligue"]
[PlyCount "31"]
[EventDate "2007.04.08"]
[SourceDate "2007.04.08"]

1. d4 d5 2. Bf4 Nf6 3. e3 e6 4. Nf3 c5 5. c3 Nc6 6. Nbd2 Be7 7. Bd3 (7. h3 {
!  préservante le fou de cases noires semble plus précis.}) 7... h6 (7... Nh5 {
!?} 8. Bg3 Nxg3 9. hxg3 $13 {la paire de fous noire est compensée par la
colonne "h" semi-ouverte et la structure plus compacte des pions blancs mais
on ne peut parler d'avantage ici.}) 8. h3 {!} O-O 9. O-O Re8 {%08DA} 10. Ne5 {
!  Le coup théma tique dans cette position. Les Noirs sont devant unealternativ
e un peu désagréable: -Tolérer l'avant-poste en e5 - Echanger et se retrouver
avec un pion qui chasse le cavalier f6 et donc des chances d'attaque pour les
Blancs.} Nxe5 {?!  Ils choisissent l'option risquée...} 11. dxe5 Nd7 12. Qh5
Qc7 13. Nf3 Bf8 14. Ng5 {!} Nb6 {?} (14... Re7 {Karelle m'a confié qu'elle
avait l'intention de sacrifier tout de même et l'analyse semble confirmer son
intuition!} 15. Nxf7 {!} Rxf7 16. Qg6 Rxf4 {seul coup!} (16... Rf5 17. Qxe6+
Rf7 18. Qxf7+ {!!} Kxf7 19. e6+ Kxe6 20. Bxc7 {
et les Blancs ont un avantage matériel décisif.}) 17. exf4 Qc6 18. Rfe1 {
!  accumule de l'énergie derrière le bélier e5. par exemple} Rb8 19. Qh7+ Kf7
20. Bg6+ Ke7 21. Qg8 b5 22. f5 exf5 (22... Rb6 23. Qf7+ Kd8 24. Qe8+ Kc7 25.
Bf7 exf5 26. e6 $18) 23. e6 $18) 15. Nxf7 {!} Qxf7 16. Bh7+ 1-0

[Event "Pupilles"]
[Site "?"]
[Date "2007.04.09"]
[Round "2"]
[White "ROQUES, Olivier"]
[Black "ANTES, Pierre"]
[Result "1-0"]
[WhiteElo "1370"]
[BlackElo "1580"]
[Annotator "Michko,Ligue"]
[PlyCount "71"]
[EventDate "2007.04.08"]
[SourceDate "2007.04.08"]

1. d4 d5 2. e3 Bf5 3. f4 {Le schéma de stonewall cher à Olivier ...à la fin du
tournoi, j'ai réussi à lui faire sortir le fou en f4 avant de pousser e3...} h6
4. Nf3 Nf6 5. Be2 e6 6. Bd2 Be7 7. c3 O-O 8. O-O c5 9. Be1 Nc6 10. Nbd2 Qb6 11.
Qc1 cxd4 12. exd4 Rac8 13. Bf2 Be4 14. Re1 Bf5 15. Kh1 Nb4 16. Ne5 Nc2 17. Bh4
Rfe8 18. Rg1 Nxa1 19. Qxa1 Ne4 20. Nxe4 Bxe4 21. Bxe7 Rxe7 22. Bd3 Bxd3 23.
Nxd3 Qc7 24. Rf1 b6 25. Ne5 g6 26. Qc1 Kg7 27. Ng4 h5 {?} 28. f5 {
!  Olivier voit la chance lui sourire et ne laisse pas passer l'occasion.} hxg4
29. f6+ Kh7 30. Qg5 {!} (30. fxe7 Qxe7 31. Qf4 f5) 30... Rh8 {?} (30... Ree8 {?
} 31. Qh4+ Kg8 32. Qh6) (30... Qd8 $8 31. Qxg4 Kg8 32. Qh4 Qe8 33. g4 e5 34.
Rf3 exd4 35. fxe7 Qa4 36. Qf6 $18) 31. fxe7 f5 32. Qh4+ Kg7 {%08DA} 33. Qxh8+ {
!  Un beau finish après un début de partie un peu raté....} Kxh8 34. e8=Q+ Kg7
35. Qxe6 g3 36. Qe5+ {et les Blancs gagnèrent au 59ème coup.} 1-0

[Event "Minimes"]
[Site "?"]
[Date "2007.04.09"]
[Round "2"]
[White "LEMARCHAND"]
[Black "OUERK, Yannis"]
[Result "0-1"]
[WhiteElo "1801"]
[BlackElo "1950"]
[Annotator "Michko,Ligue"]
[PlyCount "78"]
[EventDate "2007.04.08"]
[SourceDate "2007.04.08"]

1. e4 c5 2. Nf3 d6 3. d4 cxd4 4. Qxd4 Nc6 5. Bb5 Bd7 6. Bxc6 Bxc6 7. Nc3 Nf6 8.
Bg5 e6 9. O-O-O Be7 10. h3 (10. Qd3 {!?} Qa5 11. Kb1 O-O 12. h4 Rac8 13. Nd4
Rfd8 14. f3 {
est un plan qui fut employé par la toute jeune Judith Polgar avec grand succés.
} a6 15. g4 $13) (10. Rhe1) (10. h4) 10... O-O 11. Qe3 Qa5 12. Nd4 Rac8 13. f4
Rfd8 14. f5 e5 15. Nf3 b5 16. Kb1 b4 17. Bxf6 Bxf6 18. Nd5 Bxd5 (18... Qc5 {!?}
) 19. Rxd5 $14 {les Blancs semblent avoir stabilisé la position et gagné la
bataille de la case d5.} Qc7 20. Qe2 a5 21. g4 Rb8 22. h4 Be7 23. g5 Rdc8 24.
h5 a4 25. Rd2 {?!} (25. g6 {!} a3 26. gxf7+ Kxf7 {
et c'est le roi noir qui semble le 1er sous le feu adverse.} 27. h6) 25... a3
26. g6 fxg6 27. hxg6 h6 28. Nh2 axb2 29. Ng4 {%08DA} Bg5 (29... b3 {
!!  dans ce type de position.} 30. a3 Qc3 31. Ne3 Qc5 $19) 30. Rdd1 Ra8 31. Qd3
Ra3 32. Qd5+ Kh8 33. Rh2 Rc3 (33... b3 {!  encore!}) 34. Qxd6 Rd8 {?} (34...
Qxd6) 35. Qxd8+ {?} (35. Nxh6 {!!} gxh6 36. Rxh6+ Kg8 37. Qe6+ Kf8 38. Rxd8+
Bxd8 39. Rh8+ Kg7 40. Rh7+ Kf8 41. Rf7+) 35... Bxd8 36. Rhd2 Bg5 37. Rd7 Qc8
38. Nxe5 Rxc2 39. Nf7+ Kg8 0-1

[Event "Minimes"]
[Site "?"]
[Date "2007.04.09"]
[Round "2"]
[White "GALLANT"]
[Black "MURATET, Lucas"]
[Result "0-1"]
[WhiteElo "1750"]
[BlackElo "1879"]
[Annotator "Michko,Ligue"]
[PlyCount "92"]
[EventDate "2007.04.08"]
[SourceDate "2007.04.08"]

1. e4 c5 2. Nf3 d6 3. d4 cxd4 4. Nxd4 Nf6 5. Nc3 a6 6. f3 e6 7. Be3 b5 8. Qd2
Nbd7 9. O-O-O Bb7 10. g4 h6 11. h4 b4 12. Na4 (12. Nce2 {
est l'alternative plus calme.}) 12... Qa5 13. b3 Nc5 (13... d5 {!?}) 14. a3
Nxa4 15. axb4 Qc7 16. bxa4 {%08DA} d5 {!  le coup classique de dégagement de
la Sicilienne qui effectué dans de bonnes conditions , donne souvent un bon
jeu aux Noirs.} 17. e5 Nd7 {une variante assez complexe pour les non-initiés
(dont je fais partie)....Les Blancs ont un pion de plus mais leur roi exposé
et la faiblesse de leur structure semble donner de bonnes compensations aux
Noirs.} 18. f4 Nb6 19. a5 (19. f5) 19... Nc4 20. Qc3 Rc8 (20... Bxb4 21. Qxb4
Nxe3 22. Re1 Nxg4 23. f5) 21. Bf2 Qe7 22. Qb3 Qxb4 23. Qxb4 Bxb4 24. Nb3 Nxa5
25. Nxa5 Bxa5 26. Rh3 O-O 27. Rb3 Rc7 28. Bb6 Bxb6 29. Rxb6 a5 30. Kd2 Ra8 31.
Rdb1 Bc6 32. Bd3 Kf8 33. Bb5 Bxb5 34. R6xb5 Raa7 35. R1b2 g5 {!?  un coup
structurellement justifié mais, avec l'installation d'un pion blanc en f6,
difficile à évaluer en profondeur sur le plan de la sécurité du roi noir.} 36.
hxg5 hxg5 37. f5 Kg7 38. f6+ Kh7 39. Rb1 Ra8 40. Rh1+ Kg6 41. Rb3 Rc4 {
ouf, à temps pour faire sauter ou au moins mettre sous pression le verrou eng4.
} 42. Rg3 a4 43. Re1 Rac8 44. Rc1 Re4 45. Re1 Rxe1 46. Kxe1 Rxc2 0-1

[Event "Cadets"]
[Site "?"]
[Date "2007.04.09"]
[Round "3"]
[White "BRISSARD, Nicolas"]
[Black "MOREAU, Emilien"]
[Result "0-1"]
[WhiteElo "1931"]
[BlackElo "1830"]
[Annotator "Michko,Ligue"]
[PlyCount "99"]
[EventDate "2007.04.08"]
[SourceDate "2007.04.08"]

1. e4 c5 2. Nf3 Nc6 3. d4 cxd4 4. Nxd4 Nf6 5. Nc3 e5 6. Ndb5 d6 7. Bg5 a6 8.
Na3 b5 9. Nd5 Be7 10. Bxf6 Bxf6 11. c3 Ne7 {Une variante un peu marginale mais
néanmoins jouable, popularisée par le spécialiste Polonais Krasenkow} 12. Nxf6+
gxf6 13. Nc2 Bb7 14. f3 d5 15. exd5 Nxd5 16. Qd2 Qb6 17. Qf2 Qxf2+ 18. Kxf2 Ke7
19. a4 bxa4 20. Rxa4 Rhd8 21. Be2 Nf4 22. g3 Nxe2 (22... Rd2 23. gxf4 Rxc2 24.
Rb4 Bc8 25. fxe5 fxe5 26. Ke3) 23. Kxe2 Rd7 24. Ne3 Rad8 25. Rd1 Rxd1 26. Nxd1
Bc6 27. Rb4 Bxf3+ 28. Kxf3 Rxd1 29. Ra4 Rd6 (29... Rd2 30. b4 f5 31. Ra5 f6 32.
Rxa6 Rxh2 33. c4 e4+ 34. Ke3 Rg2) 30. Ke3 f5 31. Rh4 a5 32. Ra4 Rd5 33. b4 axb4
34. Rxb4 e4 35. Rc4 Kd6 36. Rc8 Rc5 37. Rxc5 Kxc5 38. g4 fxg4 39. Kxe4 {%08DA}
Kc4 (39... h5 {!} 40. Kf4 f6 $19 {!  une manoeuvre à retenir} 41. Kf5 Kc4 42.
Kxf6 h4) 40. Kf5 Kxc3 41. Kxg4 Kd4 42. Kg5 {??} (42. Kf4 {!}) 42... Ke5 $19 43.
h4 f5 44. h5 f4 45. Kh6 f3 46. Kxh7 f2 47. h6 f1=Q 48. Kh8 Qf6+ 49. Kh7 Kd5 50.
Kg8 0-1

[Event "Benjamines"]
[Site "?"]
[Date "2007.04.09"]
[Round "?"]
[White "AUFFRET, Gaëlle"]
[Black "PINAULT, Maylis"]
[Result "0-1"]
[WhiteElo "1620"]
[BlackElo "1460"]
[Annotator "Michko,Ligue"]
[PlyCount "64"]
[EventDate "2007.04.08"]
[SourceDate "2007.04.08"]

1. d4 d5 2. c4 e6 3. Nc3 Nf6 4. Bg5 Nbd7 5. e3 c6 6. Nf3 Qa5 {La bonne vieille
variante Cambridge-Springs qui a amené aux Noirs de nombreux points grâce aux
pièges tactiques basés sur le Fg5 "en l'air".} 7. a3 Ne4 8. Rc1 Bd6 9. cxd5
exd5 10. Bd3 O-O 11. O-O Re8 12. Qc2 Ndf6 13. Bxf6 Nxf6 {les Noirs ont très
largement égalisé: paire de fous, jeu très libre et des chances d'attaque
grâce à la colonne "e".} 14. e4 {Un changement radical de structure de pions
pas vraiment gratuit... l'activité compense-t-elle la faiblesse du pion d4
isolé?} dxe4 15. Nxe4 Nxe4 16. Bxe4 {%08DA} h6 (16... Qh5 {!}) 17. Rfd1 Bf4 18.
Ra1 Bg4 19. d5 cxd5 20. Rxd5 Qc7 21. Rc5 Qb6 22. Rc4 Rac8 23. g3 Bd6 24. Qd3
Rxc4 25. Qxc4 Qxb2 26. Ra2 Qb6 (26... Rxe4 {!}) 27. Bd5 Be6 28. Bxe6 Rxe6 29.
Qc3 {??} Qb1+ $19 30. Kg2 Qxa2 31. Nd4 Rf6 32. Nf5 Qd5+ 0-1

[Event "Benjamins"]
[Site "?"]
[Date "2007.04.10"]
[Round "4"]
[White "VILLENEUVE, Samuel"]
[Black "SABAS, Johakim"]
[Result "1-0"]
[WhiteElo "1620"]
[BlackElo "1570"]
[Annotator "Michko,Ligue"]
[PlyCount "89"]
[EventDate "2007.04.08"]
[SourceDate "2007.04.08"]

1. e4 e5 2. Nf3 Nc6 3. Bb5 d6 4. O-O (4. d4 exd4 (4... Bd7 5. Nc3 Nf6 6. O-O
Be7 7. Re1 exd4 8. Nxd4) 5. Qxd4 Bd7 6. Bxc6 Bxc6) 4... Bd7 5. c3 Be7 6. d4 Bf6
7. Re1 Nge7 8. Bxc6 Nxc6 9. d5 Ne7 10. c4 Ng6 11. b4 (11. Nc3) 11... Qe7 12. a4
a6 13. h3 O-O 14. Qc2 Rfc8 15. c5 Qe8 16. Be3 Be7 17. Nbd2 Bf8 18. Rec1 c6 19.
Qb3 cxd5 20. exd5 Rc7 21. Rc4 Rac8 22. Rac1 Bxa4 23. Qa2 Bb5 24. R4c2 Be7 25.
Qa3 Qd7 26. Rc3 f5 27. cxd6 Rxc3 28. Rxc3 Rxc3 29. Qxc3 Bxd6 30. Bc5 Bxc5 $2
31. Qxc5 h6 32. d6 e4 $2 (32... Qe6) 33. Nd4 Bc6 34. Nxf5 Nf8 35. Ne7+ Kh8 36.
Nxc6 bxc6 37. Nxe4 Ne6 38. Qe5 Kg8 39. Nc5 Nxc5 40. bxc5 Kf7 41. Qf4+ Ke8 42.
Qe5+ Kf7 43. g4 Qe6 44. Qxe6+ Kxe6 45. Kf1 $18 1-0

[Event "Benjamins"]
[Site "?"]
[Date "2007.04.10"]
[Round "4"]
[White "SAUVIAT"]
[Black "BOUKHRIS, Yacine"]
[Result "0-1"]
[WhiteElo "1540"]
[BlackElo "1855"]
[PlyCount "60"]
[EventDate "2007.04.08"]
[SourceDate "2007.04.08"]

1. e4 e6 2. d4 d5 3. Nd2 Nc6 4. Ngf3 Nf6 5. e5 Nd7 6. Bd3 Nb4 7. Nb3 Nxd3+ 8.
Qxd3 b6 9. c3 a5 10. Bd2 c5 11. Qc2 Ba6 12. Nc1 Rc8 13. Be3 cxd4 14. Bxd4 Nc5
15. a3 Be7 16. Qd2 O-O 17. Qe3 Rc6 18. Rb1 a4 19. h4 f5 20. exf6 gxf6 21. Bxc5
bxc5 22. Nh2 e5 23. Ng4 d4 24. cxd4 cxd4 25. Qg3 Kh8 26. Qf3 Rc2 27. Nd3 Qa5+
28. Kf1 Rd2 29. Rd1 Bxd3+ 30. Kg1 Be2 0-1

[Event "Benjamines"]
[Site "?"]
[Date "????.??.??"]
[Round "5"]
[White "FINKEL, Julie"]
[Black "DESMET, Cassandra"]
[Result "1-0"]
[WhiteElo "1090"]
[BlackElo "1180"]
[Annotator "Michko,Ligue"]
[PlyCount "107"]
[EventDate "2007.04.08"]
[SourceDate "2007.04.08"]

1. e4 e5 2. Nf3 Nc6 3. Bc4 Nf6 4. Nc3 (4. d3) (4. Ng5 d5 5. exd5 Na5 (5... Nxd5
6. Nxf7 Kxf7 7. Qf3+ Ke6 8. Nc3)) 4... Bc5 (4... Nxe4 $1 5. Nxe4 d5 6. Bd3 dxe4
7. Bxe4 Bd6) 5. Ng5 Qe7 $2 (5... O-O $1) 6. Bxf7+ Kf8 7. Bc4 (7. Bb3 $1) 7...
Nd8 (7... Bxf2+ $1 8. Kxf2 Qc5+ 9. d4 Qxc4) 8. d3 h6 9. Nf3 Ng4 10. d4 (10. O-O
) 10... Bd6 11. O-O Nc6 12. h3 Nf6 13. d5 Nb4 14. a3 Na6 15. Bxa6 bxa6 16. Nh4
Qf7 17. Nf5 Be7 18. Nxe7 Qxe7 19. Be3 Qf7 20. Bc5+ d6 21. Bb4 Qg6 22. f3 Bxh3
23. Rf2 Bd7 24. Qd3 Kg8 25. Qxa6 Bc8 26. Qc6 Rb8 27. Qxc7 Ra8 28. Qxd6 Qe8 29.
Nb5 Qxb5 30. Qxe5 Qe8 31. Qxe8+ Nxe8 32. Rd1 Nf6 33. d6 Kh7 34. e5 Nd7 35. e6
Nf8 36. e7 Ne6 37. Re2 Bd7 38. Rde1 Nf4 39. Re4 Ng6 40. f4 Nh4 41. Rc4 Nf5 42.
Rc7 Nxd6 43. Bxd6 Be8 44. f5 a6 45. Be5 Rg8 46. f6 gxf6 47. Bxf6 Rg6 48. Bd4
Rg8 49. b4 Kg6 50. Re6+ Kh7 51. Rd6 Bh5 52. e8=Q+ Bf7 53. Qxf7+ Rg7 54. Qxg7#
1-0

[Event "Pupilles"]
[Site "?"]
[Date "2007.04.11"]
[Round "5"]
[White "ROUFFIGNAC"]
[Black "ROQUES, Olivier"]
[Result "0-1"]
[WhiteElo "1610"]
[BlackElo "1370"]
[Annotator "Michko,Ligue"]
[PlyCount "60"]
[EventDate "2007.04.08"]
[SourceDate "2007.04.08"]

1. e4 c5 2. Nf3 d6 3. d4 cxd4 4. Nxd4 Nf6 5. Nc3 a6 {La Sicilienne Najdorf
dont les rudiments ont été enseignés à Olivier par le "maître" de Moissac,
Romain Lacroix.} 6. Be3 e6 7. Be2 b5 8. a3 Bb7 9. f3 Nbd7 10. O-O Rc8 11. Qe1 {
Nous avions préparé cette rencontre à partir d'une partie de l'adversaire
d'Olivier (un gain blanc en 25 coups!...) et je lui avais parlé de l'idée du
coup d5 libérateur pour les Noirs dans la sicilienne.Il semble le jouer
exactement au bon moment ici.} d5 {!} 12. exd5 Nxd5 13. Nxd5 Bxd5 14. Rc1 Bc5
15. Bf2 Qf6 16. c3 Qg6 17. Kh1 Bd6 18. Qd2 Nc5 19. Rfe1 O-O 20. b4 Nd7 21. Nc2
Qh5 22. f4 Qg6 {Olivier peut être très dangereux quand il a les pièces
correctement développées (beaucoup s'en apercevront certainement dans les
années à venir) et , ici, il est parfaitement dans son élément.} 23. Bg3 Bb8
24. Bf1 Nf6 25. Bd3 Be4 26. Be2 Nd5 (26... Bxc2 27. Qxc2 Ne4 $17) 27. Rf1 (27.
Ne3 $7 Nxf4) 27... Rxc3 28. Nd4 Rxa3 29. Qb2 {%08DA} Re3 (29... Rxg3 {!} 30.
hxg3 Nxf4 31. Bf3 Nd3 32. Bxe4 Qh6+ 33. Kg1 Qe3+ 34. Kh1 Nxb2) 30. Nxe6 {
désespoir.} fxe6 0-1

[Event "Poussins"]
[Site "?"]
[Date "2007.04.11"]
[Round "2"]
[White "GREZELS, Florian"]
[Black "DRON, Alexandre"]
[Result "1-0"]
[WhiteElo "1270"]
[BlackElo "1430"]
[Annotator "Michko,Ligue"]
[PlyCount "71"]
[EventDate "2007.04.08"]
[SourceDate "2007.04.08"]

1. e4 e5 2. Nf3 Nc6 3. Bc4 h6 4. d3 Bc5 5. Be3 Bb6 6. Nc3 Nf6 7. O-O d6 8. h3
Be6 9. Bb3 Bd4 10. Qd2 a6 11. Nh2 Qd7 12. f4 exf4 13. Rxf4 O-O-O 14. a4 Be5 15.
Rf2 d5 16. exd5 Nxd5 17. Nxd5 Bxd5 18. Bxd5 Qxd5 19. c4 Qd7 20. Ra3 Bd4 21. Re2
Bxe3+ 22. Rxe3 Rhe8 23. Nf1 Qd4 24. Ra1 Rxe3 25. Nxe3 Re8 26. Re1 f5 27. Kh1
Qf4 28. Qc1 Nb4 29. Nd5 Rxe1+ 30. Qxe1 Qd6 31. Qe8+ Qd8 32. Ne7+ Kb8 33. Qxd8+
Ka7 34. Qxc7 Ka8 35. d4 (35. a5 Nxd3 36. Nc8) 35... Nd3 36. d5 1-0

[Event "Benjamins"]
[Site "?"]
[Date "2007.04.14"]
[Round "8"]
[White "BOUKHRIS, Yacine"]
[Black "PALACIOS AGUILAR, Diego"]
[Result "1-0"]
[WhiteElo "1855"]
[BlackElo "1795"]
[Annotator "Michko,Ligue"]
[PlyCount "89"]
[EventDate "2007.04.08"]
[SourceDate "2007.04.08"]

1. e4 c5 2. Nc3 Nc6 3. Bb5 e6 {%08DA} 4. d3 (4. Bxc6 {!} bxc6 5. d3 Nf6 6. f4 {
!?}) 4... Nge7 5. f4 d5 6. Nf3 a6 7. Bxc6+ Nxc6 8. O-O Be7 9. Kh1 dxe4 10. dxe4
O-O 11. Be3 b5 12. Qe1 Bb7 13. Rd1 Qc7 14. Qf2 Na5 15. Ne5 Bd6 {?} (15... Rfd8)
16. Rxd6 {!} Qxd6 17. Bxc5 $16 Qc7 18. Bb6 Qe7 19. Bxa5 f6 20. Nd3 Rfc8 21. Bb4
Qf7 22. Bc5 Rc6 23. a3 Rac8 24. b4 R6c7 25. f5 e5 26. Qh4 Qc4 27. Qe1 a5 28.
Nb2 Qf7 29. Nxb5 Rc6 30. Nd6 Rxd6 31. Bxd6 Rxc2 32. Rf2 Qb3 33. Rxc2 Qxc2 34.
Nd1 Bxe4 35. Ne3 Qc6 36. Bc5 g6 37. Qd1 gxf5 38. Qd8+ Kg7 39. Qf8+ Kg6 40. Qg8+
Kh5 41. Qxh7+ Kg5 42. h4+ Kf4 43. Qh6+ Kg3 44. Nf1+ Kg4 45. Qg6+ 1-0

[Event "Championnat de France des Jeunes - Cade"]
[Site "LE GRAND BORNAND"]
[Date "????.??.??"]
[Round "4.1"]
[White "BENMESBAH, Natacha"]
[Black "CONGIU, Mathilde"]
[Result "0-1"]
[WhiteElo "2196"]
[BlackElo "2125"]
[Annotator "Michko"]
[PlyCount "58"]
[SourceDate "2007.04.08"]

1. e4 e5 2. Nf3 Nc6 3. Bc4 Bc5 4. d3 Nf6 5. Nc3 d6 6. Bg5 h6 7. Bxf6 Qxf6 8.
Nd5 Qd8 9. c3 a6 (9... Ne7) 10. d4 exd4 {?!} (10... Ba7 {!}) 11. cxd4 Ba7 12.
h3 Be6 13. O-O O-O 14. Rc1 Rc8 (14... Na5 {!}) 15. Bxa6 {!} Nxd4 16. Nxd4 Bxd4
17. Bxb7 $16 c5 {Une bonne décision pratique...dans une mauvaise position..
Plutôt que de perdre gentiment, Mathilde Congiu préfère déséquilibrer la
position.} 18. Bxc8 Bxc8 19. Ne3 (19. b4) 19... g6 20. Qd3 Qh4 21. b4 Bb7 22.
Nd5 Kg7 23. b5 (23. Rb1 $18) 23... Re8 {%08DA} 24. Rce1 {?} (24. Nc3 $16 {!})
24... Bxd5 25. g3 Qf6 26. exd5 (26. a4 {jouant avec une pièce de moins mais
des compensations était le moindre mal mais , ici, Natacha craque complètement.
}) 26... Rxe1 27. Rxe1 Qxf2+ 28. Kh1 Qxe1+ 29. Kg2 Qf2+ {
La partie dramatique qui coûte le titre.} 0-1

[Event "Championnat de France des Jeunes - Cade"]
[Site "LE GRAND BORNAND"]
[Date "2007.04.12"]
[Round "6.2"]
[White "BENMESBAH, Natacha"]
[Black "BISMUTH, Lea"]
[Result "1-0"]
[WhiteElo "2196"]
[BlackElo "1944"]
[PlyCount "49"]
[EventDate "2007.??.??"]
[SourceDate "2007.04.08"]

1. e4 c5 2. Nf3 Nc6 3. Bb5 Qb6 4. Nc3 a6 5. Bxc6 bxc6 6. O-O e6 7. e5 f5 8. d3
Ne7 9. Na4 Qa7 10. b3 Nd5 11. Qe2 Be7 12. c4 Nc7 13. Bg5 d5 14. exd6 Bxd6 15.
Ne5 Bd7 16. Qh5+ g6 17. Nxg6 hxg6 18. Qxh8+ Kf7 19. Qh7+ Ke8 20. Rfe1 Bc8 21.
Qg8+ Bf8 22. Qxg6+ Kd7 23. Qf7+ Kd6 24. Bf4+ e5 25. Bxe5# 1-0

[Event "TARBES 2007"]
[Site "?"]
[Date "2007.04.07"]
[Round "2"]
[White "GARREL, Alain"]
[Black "BOUTHIER, Jacques"]
[Result "1-0"]
[WhiteElo "2153"]
[BlackElo "1953"]
[PlyCount "89"]
[EventDate "2007.??.??"]
[WhiteTeam "Tournefeuille"]
[BlackTeam "Lardenne"]

{Au cours de leur carrière, déjà assez longue, l'ancien et le nouveau
Président de la ligue ont dû se rencontrer de nombreuses fois. Je n'ai pas les
statistiques de leurs résultats. D'après ce que m'en a dit un ancien qui suit
de près la vie de la ligue, Alain Garrel doit avoir un net avantage. Dans
cette partie, qui se termine par la victoire d'Alain, Jacques Bouthier a fait
très bonne figure, laissant passer l'occasion de prendre un net avantage. Il
perd, on ne sait trop pourquoi.} 1. d4 Nf6 2. Nf3 c5 3. c3 b6 4. Bg5 Bb7 5. e3
Ne4 6. Bf4 h6 7. h3 d6 8. Nbd2 Nxd2 9. Nxd2 e6 10. e4 Be7 11. Bb5+ Nd7 12. Nc4
a6 13. Bxd7+ Qxd7 14. Nxb6 Qc6 15. Nxa8 Qxe4+ 16. Be3 Bxa8 17. Qf3 Qxf3 18.
gxf3 Bxf3 19. Rg1 cxd4 20. Bxd4 e5 {
Pour la qualité, les noirs ont un pion de plus et la paire de fous. Egalité.}
21. Be3 g5 22. Kd2 f5 23. a4 Kd7 24. b4 {%08DA} Rc8 {Après:} (24... g4 25. hxg4
fxg4 {les noirs avaient d'assez bonnes chances de gain.}) 25. b5 f4 26. Ba7 Rc4
27. bxa6 d5 28. Rge1 d4 29. Rxe5 dxc3+ 30. Kd3 Rc6 31. Bd4 c2 32. Rc1 Rxa6 33.
Rxc2 Rxa4 34. Rb5 Bc6 (34... Bg2 $15 {d'après shredder.}) 35. Rb6 Ra3+ 36. Kd2
Be4 37. Rc3 Ra2+ 38. Kd1 Ra1+ 39. Kd2 Ra2+ 40. Kd1 Ra1+ 41. Rc1 Ra3 42. Be5 Ra7
43. Rxh6 Bf3+ 44. Kd2 Bb4+ 45. Bc3 1-0

[Event "TARBES 2007"]
[Site "?"]
[Date "2007.04.08"]
[Round "4"]
[White "CORIAT, Sébastien"]
[Black "TARAVAUD, Evelyne"]
[Result "1/2-1/2"]
[WhiteElo "2080"]
[BlackElo "1720"]
[PlyCount "82"]
[EventDate "2007.??.??"]
[WhiteTeam "Strasbourg"]
[BlackTeam "Tournefeuille"]

{IL FAUT SACRIFIER, EVELYNE} 1. e4 c5 2. Nf3 d6 3. d4 cxd4 4. Nxd4 Nf6 5. Nc3
a6 6. f3 e6 7. Be3 Nc6 8. Qd2 Be7 9. a4 Bd7 10. Be2 O-O 11. g4 Nxd4 12. Bxd4 e5
13. Be3 Rc8 14. a5 Bc6 15. Bb6 Qe8 16. h4 Nd7 17. Be3 Nc5 18. h5 Ne6 19. g5 Nf4
20. Bxf4 exf4 21. Qxf4 Qd8 22. Rg1 d5 23. Bd3 Bb4 24. exd5 Bxc3+ 25. bxc3 Bxd5
26. Qf5 g6 27. Qh3 Rxc3 28. Rg2 Qe7+ 29. Kd2 Qb4 30. Kd1 {%08DA} Qf4 {
Dommage. Les noirs ont une attaque terrible par:} (30... Rxd3+ 31. cxd3 Re8)
31. Rg3 Re8 32. Rb1 Qe3 33. Qf1 Qf4 34. Rh3 Rc7 35. hxg6 fxg6 36. Rb6 Rce7 37.
Bxg6 Re1+ 38. Qxe1 Rxe1+ 39. Kxe1 Qe3+ 40. Kf1 Qc1+ 41. Kg2 Qd2+ 1/2-1/2

[Event "TARBES 2007"]
[Site "?"]
[Date "2007.04.09"]
[Round "8"]
[White "HOUSIEAUX, David"]
[Black "INKIOV, Ventzislav"]
[Result "1-0"]
[WhiteElo "2336"]
[BlackElo "2508"]
[PlyCount "101"]
[EventDate "2007.??.??"]
[WhiteTeam "Noyon"]
[BlackTeam "Migné-Auxences"]

{CHOC AU SOMMET} 1. d4 {%05 Voici la partie entre les deux premiers du tournoi.
Le GMI Inkiov se fait sérieusement remonter les bretelles par le talentueux
David Housieaux, néo noyonnnais, ex-Ceit, ex-Palavas et futur joueur du Top 16}
Nf6 2. c4 e6 3. g3 d5 4. Nf3 dxc4 5. Bg2 Nc6 6. O-O Rb8 7. Nc3 b5 8. Ne5 Nxe5
9. dxe5 Nd7 10. Qd4 Bc5 11. Qg4 Kf8 12. Rd1 h5 13. Qf4 a6 14. Ne4 Be7 15. Be3
Qe8 16. Ng5 Nb6 17. Bc6 Bxg5 18. Qxg5 Bd7 19. Bc5+ Kg8 20. Rxd7 Nxd7 21. Rd1 {
%08DA} Nxc5 (21... Rd8 22. Be7 {est catastrophique}) 22. Bxe8 Rxe8 23. h4 Na4
24. Rd2 b4 25. Rd7 c5 26. Rc7 c3 27. Qf4 Rf8 28. bxc3 Nxc3 29. Qc4 Kh7 30. Rxc5
Rb8 31. Qxa6 Rhd8 32. Rc7 Kg8 33. Kg2 Ra8 34. Qb7 Rab8 35. Qf3 Rf8 36. Ra7 g6
37. g4 Nd5 38. e4 Nc3 39. gxh5 gxh5 40. Qxh5 Ra8 41. Qg5+ Kh7 42. Rxa8 Rxa8 43.
Qe7 Kg7 44. Qxb4 Nxa2 45. Qd2 Kg6 46. f3 Kh7 47. h5 Ra3 48. Qf4 Ra7 49. Qf6 Nc3
50. h6 Ra2+ 51. Kh3 1-0